Detalles MARC
| 000 -LEADER |
| fixed length control field |
01552nam a22003257a 4500 |
| 003 - CONTROL NUMBER IDENTIFIER |
| control field |
AR-RoUNCS |
| 005 - DATE AND TIME OF LATEST TRANSACTION |
| control field |
20260313102624.0 |
| 007 - PHYSICAL DESCRIPTION FIXED FIELD--GENERAL INFORMATION |
| fixed length control field |
ta |
| 008 - FIXED-LENGTH DATA ELEMENTS--GENERAL INFORMATION |
| fixed length control field |
230515s2004 ag a br f001 mdspa |
| 015 ## - NATIONAL BIBLIOGRAPHY NUMBER |
| National bibliography number |
AR-2004 |
| 040 ## - CATALOGING SOURCE |
| Original cataloging agency |
AR-BaBN |
| Language of cataloging |
spa |
| Transcribing agency |
AR-RoUNCS |
| Description conventions |
aacr |
| 044 ## - COUNTRY OF PUBLISHING/PRODUCING ENTITY CODE |
| MARC country code |
ag |
| ISO country code |
ar-c |
| 080 1# - UNIVERSAL DECIMAL CLASSIFICATION NUMBER |
| Universal Decimal Classification number |
82-34 |
| Edition identifier |
2016 |
| 245 00 - TITLE STATEMENT |
| Title |
Leer x leer : |
| Remainder of title |
lecturas para estudiantes |
| Number of part/section of a work |
Libro 1 |
| Name of part/section of a work |
Octavo año EGB (Primer año secundaria) / |
| Statement of responsibility, etc. |
[compilado por Gustavo Bombini]. |
| 246 14 - VARYING FORM OF TITLE |
| Title proper/short title |
Leer x leer : |
| Remainder of title |
educación secundaria |
| 250 ## - EDITION STATEMENT |
| Edition statement |
1a ed. |
| 260 ## - PUBLICATION, DISTRIBUTION, ETC. |
| Place of publication, distribution, etc. |
Ciudad Autónoma de Buenos Aires : |
| Name of publisher, distributor, etc. |
Ministerio de Educacion de la Nación, |
| Date of publication, distribution, etc. |
2021. |
| 300 ## - PHYSICAL DESCRIPTION |
| Extent |
183 p. : |
| Other physical details |
il. ; |
| Dimensions |
19 cm. |
| 490 ## - SERIES STATEMENT |
| Series statement |
Plan Nacional de Lectura ; |
| Volume/sequential designation |
1 |
| 500 ## - GENERAL NOTE |
| General note |
Libro de distribución gratuita. |
| 505 0# - FORMATTED CONTENTS NOTE |
| Title |
¡Arriad el foque! / |
| Statement of responsibility |
Ana María Shúa -- |
| Title |
Balada que trajo un barco / |
| Statement of responsibility |
Rafael Alberti -- |
| Title |
Blancanieves / |
| Statement of responsibility |
René Avilés Fabila -- |
| Title |
El flaustista electrónico de Hamelin/ |
| Statement of responsibility |
René Avilés Fabila -- |
| Title |
¿Sería fantasma? / |
| Statement of responsibility |
George Loring Frost. |
| Title |
Desayuno / |
| Statement of responsibility |
Jacques Prévert --<br/> |
| Title |
El hombre de la isla / |
| Statement of responsibility |
Robert Louis Stevenson -- |
| Title |
Las manos de mi padre / |
| Statement of responsibility |
Eliahu Toker -- |
| Title |
Como pájaros en el aire / |
| Statement of responsibility |
Peteco Carabajal -- |
| Title |
El oso marrón / |
| Statement of responsibility |
Mempo Giardinelli. |
| 521 4# - TARGET AUDIENCE NOTE |
| Target audience note |
Escuela primaria, primer ciclo. |
| 650 #7 - SUBJECT ADDED ENTRY--TOPICAL TERM |
| Topical term or geographic name entry element |
Prácticas del lenguaje |
| Form subdivision |
Libros de texto (Secundaria) |
| Source of heading or term |
embne |
| 650 #7 - SUBJECT ADDED ENTRY--TOPICAL TERM |
| Topical term or geographic name entry element |
Literatura infantil |
| Source of heading or term |
embne |
| 655 #7 - INDEX TERM--GENRE/FORM |
| Genre/form data or focus term |
Poesías |
| Source of term |
embne |
| 655 #7 - INDEX TERM--GENRE/FORM |
| Genre/form data or focus term |
Cuentos |
| 655 #4 - INDEX TERM--GENRE/FORM |
| Genre/form data or focus term |
Literatura infantil |
| 700 1# - ADDED ENTRY--PERSONAL NAME |
| Personal name |
Bombini, Gustavo. |
| Relator term |
coordinador |
| 942 ## - ADDED ENTRY ELEMENTS (KOHA) |
| Source of classification or shelving scheme |
Universal Decimal Classification |
| Koha item type |
Obra General |
| Suppress in OPAC |
No |